Counter-Strike Players with Major MVP - Statistics

General Stats
  • This quiz has been taken 18 times
    17 since last reset
  • The average score is 13 of 19
Answer Stats
Number of Major MVP Team Country Player % Correct
1 Natus Vincere Ukraine s1mple
90%
3 Vitality France ZywOo
90%
2 Luminosity, SK Brazil coldzera
80%
2 Astralis Denmark device
80%
1 Spirit Russia donk
80%
1 Outsiders Russia Jame
80%
1 Envy France kennyS
80%
1 FaZe Norway rain
80%
1 Natus Vincere Lithuania jL
70%
1 Virtus.pro Poland pashaBiceps
70%
1 Cloud9 United States tarik
70%
1 LDLC France Happy
60%
1 fnatic Sweden JW
60%
1 Astralis Denmark Magisk
60%
1 Gambit Kazakhstan AdreN
50%
1 fnatic Sweden flusha
50%
1 Ninjas in Pyjamas Sweden friberg
50%
1 fnatic Sweden olofmeister
50%
1 Astralis Denmark Kjaerbye
40%
No matching quizzes found
Score Distribution
Percent of People with Each Score
Percentile by Number Answered
Your Score History
You have not taken this quiz since the last reset